02127 a2200289 450000500170000000800410001704000560005804100080011424500400012226000550016230000460021750003190026350802890058251101760087154600710104758602280111858601240134665000260147065000560149665000310155270000250158371000280160871000170163671000320165376500120168585601400169720140904103756.0140303s1972 xx g 0 m eng d aCO-BoUCMbspacJose A. Gerena (modificó)d[Nuevo] aeng00aCabaretcBob Fosse, directorh[DVD] a[Lugar desconocido]bAllied Artists Picturesc1972 a1 DVD, 124 minutosbimagen, sonido, color aSINOPSIS: Sally Bowles, una cantante estadounidense de 1930, se enamora del bi-sexual Brian. Ellos estan juntos y luego son seducidos por Max, un rico playboy. Sally se queda embarazada, y Brian ofrece casarse con ella ... Todos los personajes están vinculados al club Kit-Kat, un club nocturno donde canta Sally aCRÉDITOS: Dirigida por Bob Fosse ; guion por Jay Presson Allen ; música por John Kander ; fotografía por Geoffrey Unsworth ; diseño de producción por Rolf Zehetbauer ; dirección de arte por Hans Jürgen Kiebach ; vestuario por Charlotte Flemming ; maquillaje Susi Krause0 aREPARTO: Liza Minnelli, Michael York, Helmut Griem, Joel Grey, Fritz Wepper, Marisa Berenson, Elisabeth Neumann-Viertel, Helen Vita, Sigrid von Richthofen, Gerd Vespermann aAudio en inglés. Subtítulos en inglés, francés y español aGanadora de ocho premios de la Academia, 1973 (mejor actriz en papel principal, actor de reparto, director, fotografía, dirección de arte-decoración, sonido, edición de película, mejor música-canción original) aGanadora de tres premios Golden Globes, 1973 (mejor película musical-comedia, actriz de película, actor de reparto) 4aDrama en el cinevDVD 7aPelículas cinematográficaszEstados UnidosvDVD 7aPelículas musicalesvDVD1 aFosse, Bobedirector2 aAllied Artists Pictures2 aABC Pictures2 aFeuer and Martin Production0 tCabaret40uhttps://www.youtube.com/watch?v=hYZ8cqMLuQgzSiga este enlace para ver el trailerzTrailer tomado del canal warnervod vía YouTube.com